Tuyên giáo
Сохранить в:
| Формат: | |
|---|---|
| Язык: | Undetermined |
| Опубликовано: |
Hà Nội
Ban Tuyên giáo Trung ương
2020
|
| Предметы: | |
| Метки: |
Добавить метку
Нет меток, Требуется 1-ая метка записи!
|
| Thư viện lưu trữ: | Trung tâm Học liệu Trường Đại học Cần Thơ |
|---|
| LEADER | 00505nam a2200181Ia 4500 | ||
|---|---|---|---|
| 001 | CTU_238565 | ||
| 008 | 210402s9999 xx 000 0 und d | ||
| 020 | |c 0 | ||
| 082 | |a 324 | ||
| 082 | |b T527 | ||
| 245 | 0 | |a Tuyên giáo | |
| 245 | 0 | |c Ban Tuyên giáo Trung ương | |
| 260 | |a Hà Nội | ||
| 260 | |b Ban Tuyên giáo Trung ương | ||
| 260 | |c 2020 | ||
| 650 | |a Đảng chính trị,Political parties | ||
| 904 | |i T.Trang | ||
| 980 | |a Trung tâm Học liệu Trường Đại học Cần Thơ | ||